Constituição da República Federativa do Brasil : (Record no. 862)

MARC details
000 -LÍDER
Campo Fixo de Controle 00982nam a2200277 a 4500
001 - NÚMERO DE CONTROLE
Campo de Controle 862
003 - IDENTIFICAÇÃO DO NÚMERO DE CONTROLE
Campo de Controle BR-CuiBMT
005 - DATA E HORA DA ÚLTIMA ATUALIZAÇÃO
Campo de Controle 20231128003149.0
008 - DADOS FIXOS
Dados Fixos 231121s2007 spb 001 0 por d
020 ## - INTERNATIONAL STANDARD BOOK NUMBER
Nº do ISBN 9788522446568
040 ## - AGÊNCIA CATALOGADORA
Código da Agência Catalogadora BR-CuiBMT
Agência que transcreveu o registro BR-CuiBMT
080 ## - Nº DA CLASSIFICAÇÃO DECIMAL UNIVERSAL
Nº edição CDU 2007
Nº Class. CDU 342.4
Subd. Auxiliar Comum (81)
-- "1988"
090 ## - NÚMERO DE CHAMADA
Nº classificação 342.4(81)"1988"
Cutter B823c
Ano/Edição 28. ed.
110 1# - ENTRADA PRINCIPAL -- ENTIDADE
Nome da entidade ou lugar Brasil
240 10 - TÍTULO UNIFORME/ORIGINAL
Título original Constituição (1988)
245 10 - TÍTULO PRINCIPAL
Título principal Constituição da República Federativa do Brasil :
Subtítulo de 5 de outubro de 1988 /
Indicação de responsabilidade Alexandre de Moraes, organizador.
250 ## - EDIÇÃO
Edição 28. ed.
260 ## - PUBLICAÇÃO, DISTRIBUIÇÃO, ETC.
Local de publicação São Paulo :
Editora Atlas,
Data 2007.
300 ## - DESCRIÇÃO FÍSICA
N. páginas ou volumes 433 p. ;
Dimensões 21cm
500 ## - NOTAS GERAIS
Notas gerais "Emendas Constitucionais n. 1 a 52, Leis n. 9.868, de 10-11-1999, e 9.882, de 3-12-1999, Emendas Constitucionais de Revisão n. 1, 2, 3, 4, 5 e 6".
504 ## - NOTA DE BIBLIOGRAFIA, ETC.
Nota de bibliografia Inclui índice.
650 ## - ASSUNTO TÓPICO
Cabeçalho tópico ou nome geográfico Direito constitucional
Subdivisão geográfica Brasil
650 ## - ASSUNTO TÓPICO
Cabeçalho tópico ou nome geográfico Constituição
Subdivisão cronológica 1988
Subdivisão geográfica Brasil
700 1# - ENTRADA SECUNDÁRIA -- NOME PESSOAL
Nome pessoal Moraes, Alexandre de,
Datas associadas ao nome 1968-
Cód. do termo explicativo org.
942 ## - ELEMENTOS DE ENTRADA ADICIONAIS (KOHA)
Fonte de classificação ou esquema de arquivamento Classificação Decimal Universal
Tipo de item do Koha Livros
Holdings
Estado: removido Estado: perdido Fonte de classificação ou esquema de arquivamento Estado: danificado Indisponível para empréstimo Localização permanente Localização atual Data de aquisição Total Checkouts Número de Chamada completo Código de barras Date last seen Número do exemplar Preço efetivo a partir de Tipo de item (Koha)
    Classificação Decimal Universal     Biblioteca da Escola Superior de Contas do TCE/MT Biblioteca da Escola Superior de Contas do TCE/MT 21/11/2023   342.4(81)"1988" B823c BIBTCEMT23110804 21/11/2023 Ex. 1 21/11/2023 Livros

Powered by Koha